| 000 | 00379cam a22001097a 4500 | ||
|---|---|---|---|
| 008 | 180718b1960 xxu||||| |||| 00| 0 eng d | ||
| 082 | _aT394x54 A/59/1 | ||
| 100 | _aIndia. Tariff Commission | ||
| 245 |
_aReport on the continuance of protection to the automobliie leaf spring industry 1959 _cby Tariff Commission |
||
| 260 |
_aBombay _bManager of Publications _c1960 |
||
| 300 | _a33p. | ||
| 999 |
_c497997 _d497997 |
||